000 00199nam a2200085Ia 4500
008 120527s9999 xx 000 0 und d
100 _aOLABINTAN,Victor
245 _aUnmasking the monsters
942 _cBK
999 _c25310
_d25310